Antarashtriya samparka aru bishwa itihasar prekshapatsamuh/ (Record no. 11061)

MARC details
000 -LEADER
fixed length control field 00704nam a22002417a 4500
005 - DATE AND TIME OF LATEST TRANSACTION
control field 20260515114851.0
008 - FIXED-LENGTH DATA ELEMENTS--GENERAL INFORMATION
fixed length control field 201120b ||||| |||| 00| 0 eng d
020 ## - INTERNATIONAL STANDARD BOOK NUMBER
International Standard Book Number 9788194692416
040 ## - CATALOGING SOURCE
Original cataloging agency IN-DiNC
Transcribing agency IN-DiNC
041 ## - LANGUAGE CODE
Language code of sung or spoken text asm
082 ## - DEWEY DECIMAL CLASSIFICATION NUMBER
Classification number 327
Item number GOH
100 ## - MAIN ENTRY--PERSONAL NAME
Personal name Gohain, Nabin
Relator term author
245 ## - TITLE STATEMENT
Title Antarashtriya samparka aru bishwa itihasar prekshapatsamuh/
Statement of responsibility, etc. by Nabin Gohain, Pankaj Bora and Pranjit Saikia
250 ## - EDITION STATEMENT
Edition statement 1st ed.
260 ## - PUBLICATION, DISTRIBUTION, ETC.
Place of publication, distribution, etc. Jorhat:
Name of publisher, distributor, etc. Bidya bhawan,
Date of publication, distribution, etc. 2020
300 ## - PHYSICAL DESCRIPTION
Extent 374p.
650 ## - SUBJECT ADDED ENTRY--TOPICAL TERM
Topical term or geographic name entry element Political science
650 ## - SUBJECT ADDED ENTRY--TOPICAL TERM
Topical term or geographic name entry element International relations
650 ## - SUBJECT ADDED ENTRY--TOPICAL TERM
Topical term or geographic name entry element World history
700 ## - ADDED ENTRY--PERSONAL NAME
Personal name Bora, Pankaj
Relator term author
700 ## - ADDED ENTRY--PERSONAL NAME
Personal name Saikia, Pranjit
Relator term author
942 ## - ADDED ENTRY ELEMENTS (KOHA)
Source of classification or shelving scheme Dewey Decimal Classification
Koha item type Books
Holdings
Withdrawn status Lost status Source of classification or shelving scheme Damaged status Not for loan Collection Home library Current library Shelving location Date acquired Cost, normal purchase price Total checkouts Full call number Barcode Date last seen Date last checked out Copy number Price effective from Koha item type
    Dewey Decimal Classification       Naharkatiya College Library Naharkatiya College Library General stacks 11/20/2020 250.00 41 327 GOH 28460 12/04/2025 10/29/2025 1 11/20/2020 Books
    Dewey Decimal Classification       Naharkatiya College Library Naharkatiya College Library General stacks 11/20/2020 250.00 37 327 GOH 28461 12/09/2025 10/27/2025 2 11/20/2020 Books
    Dewey Decimal Classification       Naharkatiya College Library Naharkatiya College Library General stacks 11/20/2020 250.00 42 327 GOH 28462 11/29/2025 09/27/2025 3 11/20/2020 Books
    Dewey Decimal Classification       Naharkatiya College Library Naharkatiya College Library General stacks 11/20/2020 250.00 35 327 GOH 28463 11/29/2025 11/14/2025 4 11/20/2020 Books
    Dewey Decimal Classification       Naharkatiya College Library Naharkatiya College Library General stacks 11/20/2020 250.00 39 327 GOH 28464 09/16/2025 08/18/2025 5 11/20/2020 Books